US States Without a Major Sports Team - Statistics

General Stats
  • This quiz has been taken 83 times
  • The average score is 22 of 24
Answer Stats
Answer % Correct
Alabama
97%
Alaska
97%
Arkansas
97%
Montana
97%
North Dakota
97%
Hawaii
95%
Maine
95%
South Dakota
95%
Delaware
94%
Nebraska
94%
New Hampshire
94%
Wyoming
94%
Connecticut
92%
Idaho
92%
Rhode Island
92%
South Carolina
92%
Vermont
92%
Iowa
91%
New Mexico
91%
Virginia
89%
West Virginia
89%
Kansas
88%
Mississippi
88%
Kentucky
81%
No matching quizzes found
Score Distribution
Percent of People with Each Score
Percentile by Number Answered
Your Score History
You have not taken this quiz